00358nam a22001457a 450000500170000000800410001702000170005804100080007508200090008310000330009224500240012526000400014930000080018965000150019720160430105703.0160430b xxu||||| |||| 00| 0 eng d a07619-3249-6 aeng b1016 aSharma Poonam Bhal T. Kanika aManagerial Ethics.  aNew DelhibSage Publication, c2004 a267 aManagement